000 00944nam a2200265Ia 4500
003 OSt
005 20221005104042.0
006 a|||||r|||| 00| 0
007 ta
008 221004b |||||||| |||| 00| 0 san d
020 _a9788170844364 (hbk)
_c750
024 _a25101
037 _b310, 25/02/2016, Vidyanidhi Prakashan
_cTextual
040 _aCRL
_cCRL
_bsan
041 _2san
_asan
082 _aO15xk, 152Q5
100 _aआहुजा, सुदेश
245 0 _aसुभाड्ढितावली
246 _aSubhāḍḍhitāvalī
260 _aदिल्ली
_bचौखम्बा संस्कृत प्रतिष्ठान भारत
_c2015
300 _a343पृ0
_ccm.
650 _aसंस्कृत साहित्य
942 _hO15xk, 152Q5
_cTEXL
_2cc
999 _c1011602
_d1011602